000 00484nam a2200145Ia 4500
008 100204s9999 xx 000 0 und d
082 _b14436
100 _aबांदोडकर गो. पु.
245 _aप्राणांतिक
260 _b"बांदोडकर पब्लिशिंग हाऊस, गोवा"
_c1991
300 _a151
630 _aप्राणांतिक
730 _aप्राणांतिक
942 _cBOOK
999 _c458867
_d458864